00361nam a2200133Ia 4500003000600000005001700006008004100023040000800064082002100072245006600093260004400159300000800203650001600211GBCCL20241126110404.0170508b xxu||||| |||| 00| 0 eng d cgbc aVER 220.076bBIB aPaite-zokam: Bible quiz /ccompiled and edited by G Khamzagin bBCD, NLBCaElim veng, New Lamka :c2011 a139 0aBiblevquiz